| 000 | 00780cab a2200229 4500 | ||
|---|---|---|---|
| 001 | WB3419-02 | ||
| 008 | 090401t1998 xxu||||| |||| 00| 0 eng d | ||
| 035 | _a(Sirsi) u86364 | ||
| 041 | _aeng | ||
| 245 | _aIndustry output rate slows | ||
| 260 | _c1998 | ||
| 350 | _a0 | ||
| 490 |
_aContract Journal _v393(6176) 20 May 1998, 2(1) |
||
| 520 | _aThe latest Construction Trends Survey by the Construction Confederations shows that construction industry output has continuted to expand in the first quarter of 198 but the rate of growth has slowed since the first quarter of 1997. | ||
| 650 | _aCONSTRUCTION CONFEDERATION | ||
| 650 | _aCONSTRUCTION INDUSTRY | ||
| 650 | _aGROWTH | ||
| 650 | _aOUTPUT | ||
| 690 | _aBUILT ENVIRONMENT | ||
| 942 | _n0 | ||
| 948 | _c21/05/1998 | ||
| 999 |
_c54354 _d54354 |
||